| 000 | 00568cam a2200205ua 4500 | ||
|---|---|---|---|
| 001 | 6154 | ||
| 008 | 131125n ii |||gr||||Z||||||eng | ||
| 020 | _a81-7096-691-4 | ||
| 040 | _cMAIN | ||
| 082 | _a658.1511 | ||
| 245 |
_aManagement Accounting : _bPrinciples and Practices / _cBy P.K. Sharma, . |
||
| 250 | _a1st ed. | ||
| 260 |
_aLudhiana: _bKalyani Publishers, _c1998. |
||
| 300 | _axxii,36.12p. | ||
| 653 | _aGeneral management | ||
| 653 | _aManagement accounting | ||
| 700 |
_aSharma,P.K., _eAuthor., |
||
| 700 |
_aGupta,Shashi K., _eAuthor. |
||
| 942 | _cBK | ||
| 999 |
_c5306 _d5306 |
||